[Event "Ikaros op"]
[Site "Athens"]
[Date "1997.??.??"]
[Round "1"]
[White "Ioannidis, Efklidis"]
[Black "Staikopoulos, Anastasios"]
[Result "0-1"]
[WhiteElo "1710"]
[BlackElo "2010"]
[PlyCount "130"]
[EventDate "1997.??.??"]
[EventType "swiss"]
[EventRounds "7"]
[EventCountry "GRE"]
[SourceTitle "EXT 2004"]
[Source "ChessBase"]
[SourceDate "2003.11.25"]
[SourceVersion "1"]
[SourceVersionDate "2003.11.25"]
[SourceQuality "1"]

1. e4 c5 2. Nc3 d6 3. f4 g6 4. Nf3 Bg7 5. g3 Nc6 6. Bg2 e6 7. 0-0 Nge7 8. d3 0-0 9. Rb1 Rb8 10. Bd2 b5 11. Be3 b4 12. Ne2 Qa5 13. Qd2 Ba6 14. f5 exf5 15. Bh6 fxe4 16. Bxg7 Kxg7 17. Nh4 exd3 18. cxd3 Ne5 19. Nf4 Bb7 20. Rbe1 Bxg2 21. Nhxg2 Qb6 22. Re4 Kg8 23. Kh1 f5 24. Ree1 Qb7 25. Re3 Nd5 26. Nxd5 Qxd5 27. Kg1 Ng4 28. Re7 Rf7 29. Rxf7 Kxf7 30. h3 Nf6 31. b3 Re8 32. Re1 Qd4+ 33. Kh2 Rxe1 34. Nxe1 Ne4 35. Qg2 Nc3 36. Qb7+ Kf6 37. Qb8 Qe5 38. Qh8+ Kf7 39. Qxh7+ Qg7 40. Qh4 Nxa2 41. Qc4+ Kf8 42. Qd5 Qe7 43. Ng2 Nc3 44. Qf3 Kg7 45. Nf4 a5 46. h4 a4 47. bxa4 b3 48. Qf2 Nxa4 49. h5 b2 50. Nxg6 Qg5 51. Nf4 Qf6 52. Qc2 Kh6 53. d4 cxd4 54. Nd3 Kxh5 55. Nxb2 Nxb2 56. Qxb2 Qe5 57. Qg2 Kg5 58. Qh3 Qe2+ 59. Kg1 Qg4 60. Qg2 Qe4 61. Qa2 Kg4 62. Kh2 d3 63. Qg8+ Kf3 64. Kh3 Qg4+ 65. Qxg4+ fxg4+ 0-1

[Event "Ikaria op"]
[Site "Ikaria"]
[Date "1997.??.??"]
[Round "?"]
[White "Ninov, Nikolai"]
[Black "Staikopoulos, Anastasios"]
[Result "1-0"]
[WhiteElo "2445"]
[BlackElo "2185"]
[PlyCount "53"]
[EventDate "1997.??.??"]
[EventType "swiss"]
[EventRounds "9"]
[EventCountry "GRE"]
[SourceTitle "EXT 2003"]
[Source "ChessBase"]
[SourceDate "2002.11.25"]
[SourceVersion "1"]
[SourceVersionDate "2002.11.25"]
[SourceQuality "1"]

1. e4 c5 2. Nf3 d6 3. d4 cxd4 4. Nxd4 Nf6 5. Nc3 a6 6. Be2 e5 7. Nb3 Be7 8. 0-0 0-0 9. f4 b5 10. a4 b4 11. Nd5 Nxd5 12. exd5 Nd7 13. a5 Qc7 14. Bd2 Nc5 15. Bxb4 Nxb3 16. cxb3 exf4 17. Rxf4 Bf6 18. Rxf6 gxf6 19. Qd3 Re8 20. Qg3+ Kh8 21. Bc3 Re5 22. Qh4 Bb7 23. Qxf6+ Kg8 24. Bxe5 dxe5 25. d6 Qc6 26. Qg5+ Kf8 27. Rd1 1-0

[Event "Ikaros op"]
[Site "Athens"]
[Date "1997.??.??"]
[Round "4"]
[White "Staikopoulos, Anastasios"]
[Black "Barbayiannis, Leon"]
[Result "1-0"]
[WhiteElo "2010"]
[BlackElo "1605"]
[PlyCount "99"]
[EventDate "1997.??.??"]
[EventType "swiss"]
[EventRounds "7"]
[EventCountry "GRE"]
[SourceTitle "EXT 2004"]
[Source "ChessBase"]
[SourceDate "2003.11.25"]
[SourceVersion "1"]
[SourceVersionDate "2003.11.25"]
[SourceQuality "1"]

1. d4 d5 2. c4 Nf6 3. cxd5 Nxd5 4. e4 Nf6 5. Nc3 c6 6. e5 Nd5 7. Bc4 Bf5 8. Bxd5 cxd5 9. Qb3 Nc6 10. Nge2 Qd7 11. Be3 e6 12. 0-0 Be7 13. Qd1 0-0 14. Ng3 Bg6 15. f4 Nb4 16. f5 exf5 17. a3 f4 18. Bxf4 Nd3 19. Qd2 Nxf4 20. Qxf4 h6 21. h4 Rac8 22. h5 Bd3 23. Rf2 Bg5 24. Qf3 Bc4 25. Re1 a5 26. Nf5 Rc6 27. Nd6 Rxd6 28. exd6 Qxd6 29. g3 b5 30. b3 b4 31. bxc4 dxc4 32. Ne4 Qxd4 33. Nxg5 hxg5 34. axb4 axb4 35. Rd1 Qe5 36. Rd5 Qa1+ 37. Rf1 Qa7+ 38. Qf2 Qb7 39. Rxg5 f6 40. h6 Rf7 41. Rxg7+ Rxg7 42. hxg7 Qxg7 43. Ra1 Qg5 44. Ra8+ Kf7 45. Qa7+ Ke6 46. Qb6+ Kf7 47. Qc7+ Ke6 48. Qc6+ Ke5 49. Re8+ Kd4 50. Re4+ 1-0

[Event "Chania op 5th"]
[Site "Chania"]
[Date "1995.??.??"]
[Round "7"]
[White "Skembris, Spyridon"]
[Black "Staikopoulos, Anastasios"]
[Result "1-0"]
[WhiteElo "2525"]
[BlackElo "2190"]
[PlyCount "67"]
[EventDate "1995.08.??"]
[EventType "swiss"]
[EventRounds "9"]
[EventCountry "GRE"]
[SourceTitle "EXT 1997"]
[Source "ChessBase"]
[SourceDate "1996.11.15"]
[SourceVersion "1"]
[SourceVersionDate "1996.11.15"]
[SourceQuality "1"]

1. d4 Nf6 2. c4 c5 3. Nf3 g6 4. Nc3 cxd4 5. Nxd4 Nc6 6. e4 d6 7. Be2 Bg7 8. Be3 Bd7 9. Nc2 0-0 10. 0-0 b6 11. f3 a5 12. Qd2 Re8 13. Rac1 Rb8 14. b3 Be6 15. Nd5 Nd7 16. Na3 Nc5 17. Nb5 Qd7 18. Rfd1 Bxd5 19. cxd5 Na7 20. Nxa7 Qxa7 21. Bb5 Rec8 22. Rc4 Rc7 23. Rdc1 h5 24. Qc2 Rbc8 25. a3 Qb8 26. h3 Kh7 27. Kh2 e5 28. Bg5 f6 29. Be3 Bh6 30. Bxh6 Kxh6 31. b4 axb4 32. axb4 Na6 33. Bxa6 Rxc4 34. Qd2+ 1-0

[Event "Ikaros op"]
[Site "Ikaros"]
[Date "1995.??.??"]
[Round "4"]
[White "Vouldis, Angelos"]
[Black "Staikopoulos, Anastasios"]
[Result "1-0"]
[WhiteElo "2425"]
[BlackElo "2190"]
[PlyCount "77"]
[EventDate "1995.??.??"]
[EventType "swiss"]
[EventRounds "9"]
[EventCountry "GRE"]
[SourceTitle "EXT 1997"]
[Source "ChessBase"]
[SourceDate "1996.11.15"]
[SourceVersion "1"]
[SourceVersionDate "1996.11.15"]
[SourceQuality "1"]

1. e4 c5 2. Nf3 d6 3. d4 cxd4 4. Nxd4 Nf6 5. Nc3 a6 6. Bc4 e6 7. Bb3 b5 8. 0-0 Be7 9. Qf3 Bb7 10. Qg3 0-0 11. Bxe6 Nxe4 12. Nxe4 Bxe4 13. Bf5 Bb7 14. Bf4 Nc6 15. Rad1 Nxd4 16. Rxd4 g6 17. Bxd6 Bxd6 18. Rxd6 Qa5 19. h4 b4 20. Bd3 Rad8 21. Bc4 Qc5 22. Rxd8 Rxd8 23. Qf4 Rd7 24. Re1 Re7 25. Rd1 Kg7 26. Rd6 f5 27. h5 Re4 28. h6+ Kf8 29. Rd8+ Re8 30. Rxe8+ Kxe8 31. Qb8+ Bc8 32. Bxa6 Kd7 33. Qxc8+ Qxc8 34. Bxc8+ Kxc8 35. a4 bxa3 36. bxa3 Kc7 37. f4 Kb6 38. Kf2 Kb5 39. Ke3 1-0